Score 0/30 Timer 04:00
1 Play Today
Trivia Question Answer % Correct
What inventor is credited with the phonograph and the electric light bulb?Thomas Edison
89.4%
What is the capital of Egypt?Cairo
88.8%
What is the largest planet in our solar system?Jupiter
86%
Which of the five big or great cats is the species Panthera Leo?lion
84.7%
What wizard served as a friend and advisor to King Arthur?Merlin
83.7%
What literary trilogy takes place in the country of Panem, especially in its capital and District 12?The Hunger Games
81.8%
What is the square root of 1,600?forty
81.1%
What Pixar animated series released its fourth installment in 2019?Toy Story
79.5%
What board game features a candlestick, a kitchen, and Colonel Mustard?Clue(do)
76.9%
What name is shared by actor Kevin, painter Francis, and a cured pork product?bacon
74.8%
Who is the author of 'The Shining', 'Pet Sematary', and 'The Stand'?Stephen King
72.1%
Which chemical element has the symbol K?potassium
71.9%
What 5-letter word is used to describe an angle that is less than 90 degrees?acute
71.2%
What housewares company, with headquarters in the Netherlands, was founded by Ingvar Kamprad?IKEA
69%
What search engine company, headed by Marissa Mayer, has a name that originates with Jonathan Swift?Yahoo!
63.8%
Trivia Question Answer % Correct
What TV family has pets named Santa's Little Helper and Snowball II?The Simpsons
62.9%
What artist topped the charts first with 'Heartbreak Hotel' and lastly with 'Suspicious Minds'?Elvis Presley
62.6%
Which U.S. First Lady had an anti-drug campaign called 'Just Say No'?Nancy Reagan
61.9%
What breakfast cereal has the tagline 'They're magically delicious!'?Lucky Charms
61.3%
What is the name of either nation that is on the island of Hispaniola?Haiti / Dominican Republic
55.2%
Which French impressionist painter is famed for his series of water lilies and his Japanese gardens?Claude Monet
54.9%
After Manchester United, what London team has the most Premier League championships?Chelsea
52.6%
What book by Charles Dickens is also the name of a famous illusionist who was married to Claudia Schiffer?David Copperfield
52.5%
What is the scientific name of the breastbone?sternum
48.8%
Which western U.S. state gets its name from the Spanish for 'snow-covered?'Nevada
48%
Who was the first head of government of the Soviet Union?Vladimir Lenin
46.7%
What is the subtitle of the 7th episode of the 'Star Wars' movie franchise?The Force Awakens
40.1%
What zodiac sign falls between Leo and Libra?Virgo
35.2%
What is Europe's longest river, which resides entirely inside Russia?Volga
35.2%
What 1980's Berkeley Breathed comic strip with Opus the Penguin returned online in 2015?Bloom County
10.7%
Come Together.
Have Fun.
All Virtual.
We all need to come together. Play Sporcle's virtual live trivia to have fun, connect with people, and get your trivia on. Join a live hosted trivia game for your favorite pub trivia experience done virtually. If a virtual private party is more your thing, go here for details.

You're not logged in!

Compare scores with friends on all Sporcle quizzes.
OR
Log In

Sporcle TV

Today on Sporcle TV


Watch our educational content, quiz creation guides, and fun videos on Sporcle TV.

Show Comments

Extras

Top Quizzes Today


Score Distribution

Paid Content

Your Account Isn't Verified!

In order to create a playlist on Sporcle, you need to verify the email address you used during registration. Go to your Sporcle Settings to finish the process.

Report this User

Report this user for behavior that violates our Community Guidelines.

Details: